000 00381nam a2200145Ia 4500
008 240624s9999 xx 000 0 und d
041 _aeng
082 _a658.4052 O'BR
100 _aO BRIEN JONATHAN
245 _aNEGOTIATION FOR PROCUREMENT PROFESSIONAL
250 _a(2nd ed.)
260 _c2016
_aNew Delhi
_bKogan Page
300 _axviii, 417 p.; 23 cm.
365 _cBPS
_b30
999 _c29958
_d29958